000 00559nam a2200217Ia 4500
003 OSt
005 20220928145927.0
006 a|||||r|||| 00| 0
007 ta
008 220927b |||||||| |||| 00| 0 eng d
024 _a85660
037 _cTextual
040 _aSDCL
_cSDCL
_beng
041 _2eng
_aeng
082 _aX:753y72426,N9, M6
100 _aLal Tarsem Au.
_9514687
245 0 _aDistrict development planning.
260 _c1986
942 _hX:753y72426,N9, M6
_cTEXL
_2CC
999 _c837898
_d837898